Dallas Cowboys All Time Stat Leaders - Statistics

General Stats
  • This quiz has been taken 42 times
    41 since last reset
  • The average score is 12 of 30
Answer Stats
Yards Passing % Correct
35,989 Dak Prescott
97%
17,162 Emmitt Smith
97%
32,942 Troy Aikman
97%
34,183 Tony Romo
92%
7,416 CeeDee Lamb
86%
11,904 Michael Irvin
84%
22,700 Roger Staubach
81%
8,488 Ezekiel Elliott
76%
7,459 Dez Bryant
70%
7,822 Drew Pearson
51%
21,959 Danny White
46%
12,977 Jason Witten
43%
12,036 Tony Dorsett
43%
4,526 DeMarco Murray
38%
3,621 Tony Pollard
38%
3,893 Amari Cooper
35%
17,199 Don Meredith
22%
4,481 Miles Austin
19%
7,295 Bob Hayes
16%
5,331 Eddie LeBaron
14%
4,358 Marion Barber
14%
10,279 Craig Morton
11%
5,839 Quincy Carter
8%
5,009 Calvin Hill
5%
4,784 Robert Newhouse
5%
7,988 Tony Hill
5%
6,217 Don Perkins
3%
5,214 Frank Clarke
3%
6,555 Steve Pelluer
3%
3,886 Walt Garrison
0%
No matching quizzes found
Score Distribution
Percent of People with Each Score
Percentile by Number Answered
Your Score History
You have not taken this quiz since the last reset